Statistics for Every 1,000,000+ South Asian City on a Map

Click here to take the quiz!

General Stats

  • This quiz has been taken 514 times
    (438 since last reset)
  • The average score is 43 of 73

Answers on the Map

Answers color-coded by a green-red scale on the quiz's map according to % correct below.
 

Answer Stats

PopulationCity% Correct
32,400,000Delhi
98%
20,900,000Dhaka
97%
18,600,000Karachi
97%
26,100,000Mumbai
97%
4,625,000Kabul
96%
17,200,000Kolkata
96%
10,700,000Hyderabad
95%
2,375,000Hyderabad
95%
13,900,000Lahore
95%
13,200,000Bengaluru
94%
11,900,000Chennai
93%
9,050,000Ahmedabad
91%
4,850,000Colombo
91%
5,100,000Chittagong
90%
3,025,000Kathmandu
90%
4,175,000Jaipur
88%
7,350,000Pune
88%
7,150,000Surat
83%
3,900,000Lucknow
82%
2,425,000Agra
78%
3,375,000Nagpur
75%
3,625,000Rawalpindi
74%
3,850,000Faisalabad
72%
3,550,000Kanpur
72%
3,400,000Indore
70%
2,800,000Patna
68%
2,550,000Bhopal
67%
2,525,000Peshawar
63%
1,210,000Quetta
62%
2,850,000Coimbatore
59%
2,225,000Multan
58%
2,000,000Varanasi
58%
1,450,000Amritsar
57%
1,620,000Kochi
56%
3,075,000Bhilai
55%
2,975,000Gujranwala
54%
1,570,000Jodhpur
54%
2,500,000Chandigarh
53%
2,300,000Visakhapatnam
53%
1,690,000Srinagar
50%
2,300,000Vadodara
50%
1,510,000Allahabad
48%
1,280,000Mysore
48%
2,025,000Rajkot
48%
1,850,000Madurai
45%
1,980,000Bhubaneswar
44%
1,230,000Khulna
44%
1,180,000Guwahati
40%
2,050,000Ludhiana
40%
1,510,000Ranchi
40%
1,910,000Aurangabad
39%
1,160,000Salem
39%
1,820,000Meerut
38%
2,225,000Nashik
37%
2,150,000Vijayawada
37%
1,470,000Kota
36%
1,030,000Kozhikode
36%
1,390,000Bareilly
35%
1,470,000Gwalior
35%
1,730,000Jamshedpur
35%
1,320,000Aligarh
34%
1,420,000Dhanbad
34%
1,540,000Jabalpur
34%
1,120,000Solapur
33%
1,250,000Tiruchirappalli
32%
1,670,000Asansol
31%
1,340,000Moradabad
31%
1,090,000Siliguri
31%
1,170,000Jalandhar
30%
1,180,000Hubli
29%
1,490,000Tiruppur
29%
1,020,000Warangal
26%
1,060,000Saharanpur
25%

Score Distribution

Percentile by Number Answered

Percent of People with Each Score

Your Score History

You have not taken this quiz since the last reset